[Event "Nikolaev UKR"]
[Site "It"]
[Date "2001.08.02"]
[EventDate "2001.08.01"]
[Round "2"]
[Result "1-0"]
[White "Sergiy Zavgorodniy"]
[Black "Sergey Karjakin"]
[WhiteElo "2453"]
[BlackElo "2338"]
[PlyCount "119"]

1. e4 c5 2. Nf3 d6 3. Bb5+ Nd7 4. d4 Ngf6 5. Nc3 a6 6. Bxd7+
Nxd7 7. O-O e6 8. Bg5 Qc7 9. Re1 cxd4 10. Nxd4 h6 11. Nxe6 Qc6
12. Nxf8 hxg5 13. Nxd7 Bxd7 14. Qd4 Kf8 15. Nd5 Be6 16. Nb4
Qc7 17. Rad1 Rd8 18. Qe3 f6 19. c3 Kf7 20. Qg3 Rh4 21. h3 a5
22. Nd5 Qd7 23. f3 Rdh8 24. Ne3 Rd8 25. c4 Qc6 26. b3 a4
27. Rd3 axb3 28. axb3 b5 29. Red1 bxc4 30. bxc4 Rf4 31. Qf2
Rh4 32. Rd4 Qc5 33. Nc2 Qe5 34. Nb4 Rdh8 35. Nc6 Qc5 36. Rxd6
Qxf2+ 37. Kxf2 Bc8 38. Rd8 f5 39. exf5 Bxf5 40. g4 Be6
41. Rxh8 Rxh8 42. Nd8+ Ke7 43. Nxe6 Kxe6 44. Kg3 Rc8 45. Rd5
Kf6 46. Rf5+ Kg6 47. c5 Kh6 48. f4 gxf4+ 49. Kxf4 g6 50. Re5
Kg7 51. Ke4 Kf7 52. Kd5 Rd8+ 53. Kc6 Kf6 54. Rd5 Rh8 55. Kd7
Rh7+ 56. Kd6 Rh8 57. c6 Rd8+ 58. Kc5 Rc8 59. Kb6 Rb8+ 60. Ka7
1-0

[Event "Nikolaev UKR"]
[Site "It"]
[Date "2001.08.04"]
[EventDate "2001.08.01"]
[Round "4"]
[Result "1/2-1/2"]
[White "Sergey Kalugin"]
[Black "Sergey Karjakin"]
[WhiteElo "2439"]
[BlackElo "2338"]
[PlyCount "67"]

1. e4 c5 2. c3 d5 3. exd5 Qxd5 4. d4 Nf6 5. Nf3 Bg4 6. Be2 e6
7. O-O Nc6 8. dxc5 Qxd1 9. Rxd1 Bxc5 10. h3 Bh5 11. Nbd2 O-O
12. a3 a5 13. Nc4 Nd5 14. g4 Bg6 15. Nce5 Nxe5 16. Nxe5 Rfd8
17. Nxg6 hxg6 18. Kf1 f6 19. Ke1 g5 20. Bf3 Rab8 21. b4 axb4
22. axb4 Be7 23. Bxd5 exd5 24. Be3 Rbc8 25. Bd4 Kf7 26. Ra7
Rd7 27. Ke2 Bd6 28. Ra5 Ke6 29. Kd3 Be5 30. Re1 Kd6 31. Bc5+
Kc6 32. Bd4 Kd6 33. Bc5+ Kc6 34. Bd4 1/2-1/2

[Event "Nikolaev UKR"]
[Site "It"]
[Date "2001.08.07"]
[EventDate "2001.08.01"]
[Round "7"]
[Result "0-1"]
[White "Sergey Karjakin"]
[Black "Alexander Areshchenko"]
[WhiteElo "2338"]
[BlackElo "2462"]
[PlyCount "177"]

1. e4 c6 2. d4 d5 3. Nc3 dxe4 4. Nxe4 Bf5 5. Ng3 Bg6 6. h4 h6
7. Nf3 Nd7 8. h5 Bh7 9. Bd3 Bxd3 10. Qxd3 e6 11. Bf4 Qa5+
12. Bd2 Qc7 13. O-O-O O-O-O 14. Ne4 Ngf6 15. g3 Be7 16. Bf4
Qa5 17. Kb1 Qf5 18. Nxf6 Qxd3 19. Rxd3 Bxf6 20. g4 c5 21. c3
Nb6 22. Ne5 Bxe5 23. Bxe5 f6 24. Bg3 c4 25. Rd2 Kd7 26. Kc2
Rc8 27. b4 Nd5 28. a4 a5 29. b5 Rhf8 30. Rg1 Nb6 31. Ra1 Rf7
32. Re2 Re7 33. Re4 Nd5 34. Rg1 Rf8 35. Bh4 Nb6 36. Ra1 Ree8
37. Bg3 Nd5 38. Bh4 Rg8 39. Bg3 Re7 40. Rae1 Ree8 41. f4 Re7
42. Rh1 g6 43. hxg6 Rxg6 44. Be1 Rxg4 45. Rxh6 Rg2+ 46. Kd1
Ra2 47. f5 b6 48. fxe6+ Rxe6 49. Rh7+ Ne7 50. Rxe6 Kxe6
51. Bd2 Rxa4 52. Kc1 Ra3 53. Kc2 Rb3 54. d5+ Nxd5 55. Rh4 Rxb5
56. Rxc4 Rc5 57. Re4+ Kd7 58. Ra4 Nb4+ 59. Kb3 Nc6 60. c4 Rh5
61. Ra1 Rh3+ 62. Bc3 Nd4+ 63. Kb2 Rh2+ 64. Kb1 Nf3 65. c5 Rh1+
66. Kc2 Rxa1 67. Bxa1 bxc5 68. Bxf6 Kc6 69. Kb3 Kb5 70. Bc3
Nd4+ 71. Ka2 a4 72. Ka3 Nc6 73. Be1 Ne5 74. Bc3 Nf3 75. Bb2
Nd2 76. Bf6 Nc4+ 77. Ka2 Kb4 78. Bh4 Ne3 79. Be1+ Kc4 80. Bf2
Nd1 81. Be1 Kb5 82. Kb1 a3 83. Ka2 Ka4 84. Bd2 c4 85. Bc1 Nc3+
86. Ka1 Nd5 87. Bd2 Kb3 88. Bc1 Nb4 89. Bd2 0-1

[Event "Nikolaev UKR"]
[Site "It"]
[Date "2001.08.08"]
[EventDate "2001.08.01"]
[Round "8"]
[Result "1/2-1/2"]
[White "Viacheslav Slovineanu"]
[Black "Sergey Karjakin"]
[WhiteElo "2406"]
[BlackElo "2338"]
[PlyCount "51"]

1. e4 e5 2. Nf3 Nc6 3. Nc3 Nf6 4. d4 exd4 5. Nxd4 Bb4 6. Nxc6
bxc6 7. Bd3 d5 8. exd5 cxd5 9. O-O O-O 10. Bg5 c6 11. Qf3 Be7
12. h3 h6 13. Bf4 Bd6 14. Rad1 Rb8 15. b3 Rb4 16. Ne2 Bxf4
17. Nxf4 Qc7 18. Ne2 Re8 19. Rfe1 Rb8 20. c4 Ba6 21. cxd5 Bxd3
22. Qxd3 cxd5 23. Ng3 Qa5 24. Rxe8+ Rxe8 25. Qd2 Qb6 26. Nf5
1/2-1/2

[Event "Nikolaev UKR"]
[Site "It"]
[Date "2001.08.11"]
[EventDate "2001.08.01"]
[Round "11"]
[Result "1/2-1/2"]
[White "Anatolij Bets"]
[Black "Sergey Karjakin"]
[WhiteElo "2402"]
[BlackElo "2338"]
[PlyCount "82"]

1. d4 Nf6 2. c4 g6 3. Nf3 Bg7 4. Nc3 d5 5. cxd5 Nxd5 6. e4
Nxc3 7. bxc3 c5 8. Rb1 O-O 9. Be2 cxd4 10. cxd4 Qa5+ 11. Bd2
Qxa2 12. O-O Bg4 13. Be3 Nc6 14. d5 Na5 15. Bc5 Bxf3 16. Bxf3
Rfe8 17. e5 Bxe5 18. d6 Qe6 19. Bd5 Qf6 20. dxe7 Rac8 21. Bxa7
Rxe7 22. Qf3 Qxf3 23. Bxf3 Nc4 24. Be3 Rcc7 25. Rfd1 Kg7
26. h3 f5 27. Ba7 b5 28. Bb8 Rc5 29. Bxe5+ Nxe5 30. Be2 Rb7
31. f4 Nc4 32. Rd4 Ne3 33. Rb3 Nc2 34. Rd2 b4 35. Bd1 Na3
36. Bf3 Rc1+ 37. Kh2 Nc4 38. Rd4 Re7 39. Rxb4 Ne3 40. Kg3 Rc2
41. Rb7 Rxb7 1/2-1/2

[Event "Nikolaev UKR"]
[Site "It"]
[Date "2001.08.13"]
[EventDate "2001.08.01"]
[Round "13"]
[Result "1/2-1/2"]
[White "Alexander Alexikov"]
[Black "Sergey Karjakin"]
[WhiteElo "2405"]
[BlackElo "2338"]
[PlyCount "41"]

1. d4 Nf6 2. c3 d5 3. Nf3 c5 4. Bf4 Nc6 5. e3 Qb6 6. Qb3 c4
7. Qxb6 axb6 8. Nbd2 e6 9. Be2 Be7 10. a3 b5 11. O-O Bd7
12. Rae1 Ne4 13. Nxe4 dxe4 14. Nd2 f5 15. Bd1 g5 16. Be5 Nxe5
17. dxe5 Rd8 18. Nb1 Bc6 19. Bc2 Rd7 20. Rd1 Rxd1 21. Rxd1
1/2-1/2

[Event "EYCC B14"]
[Site "Halkidiki GRE"]
[Date "2001.09.02"]
[EventDate "2001.08.31"]
[Round "3"]
[Result "1/2-1/2"]
[White "Sergey Karjakin"]
[Black "Markus Ragger"]
[WhiteElo "2338"]
[BlackElo "2119"]
[PlyCount "62"]

1. e4 e5 2. Nf3 Nc6 3. Bc4 Nf6 4. Ng5 d5 5. exd5 Na5 6. Bb5+
c6 7. dxc6 bxc6 8. Be2 h6 9. Nf3 e4 10. Ne5 Bd6 11. f4 exf3
12. Nxf3 O-O 13. O-O Qc7 14. d4 c5 15. Nc3 a6 16. d5 Bb7
17. Kh1 Rad8 18. Bd2 Be7 19. Qe1 Rde8 20. Na4 Bd8 21. Bxa5
Qxa5 22. Qxa5 Bxa5 23. Bd3 c4 24. Bxc4 Rc8 25. Bb3 Nxd5 26. c3
Rfe8 27. Rae1 Nf4 28. Kg1 Nd3 29. Rxe8+ Rxe8 30. Nd4 Re7
31. Bc2 Nxb2 1/2-1/2

[Event "EYCC B14"]
[Site "Halkidiki GRE"]
[Date "2001.09.06"]
[EventDate "2001.08.31"]
[Round "6"]
[Result "1/2-1/2"]
[White "Leonid Gerzhoy"]
[Black "Sergey Karjakin"]
[WhiteElo "2257"]
[BlackElo "2338"]
[PlyCount "163"]

1. c4 e5 2. Nc3 Nc6 3. g3 g6 4. Bg2 Bg7 5. e3 d6 6. Nge2 f5
7. O-O Nf6 8. d3 O-O 9. Rb1 a5 10. a3 h6 11. b4 axb4 12. axb4
g5 13. f4 Re8 14. b5 Ne7 15. e4 exf4 16. gxf4 gxf4 17. Bxf4
fxe4 18. Nxe4 Nxe4 19. Bxe4 d5 20. cxd5 Nxd5 21. Qd2 Nxf4
22. Qxf4 Qg5+ 23. Kh1 Bg4 24. Rg1 Qxf4 25. Nxf4 Rxe4 26. Rxg4
Re7 27. Nh5 Rf8 28. Rbg1 Rff7 29. d4 Kh7 30. Nxg7 Rxg7
31. Rxg7+ Rxg7 32. Rxg7+ Kxg7 33. Kg2 Kf6 34. Kf3 Kf5 35. h3
h5 36. Ke3 Kg5 37. Kf3 Kh4 38. Kg2 Kg5 39. Kf3 Kf5 40. Ke3 Ke6
41. Ke4 h4 42. Ke3 Kd5 43. Kd3 b6 44. Kc3 Ke4 45. Kc4 Ke3
46. Kc3 Ke2 47. Kc4 Kd2 48. d5 Kc2 49. d6 cxd6 50. Kd5 Kc3
51. Kc6 d5 52. Kxb6 d4 53. Kc6 d3 54. b6 d2 55. b7 d1=Q
56. b8=Q Qf3+ 57. Kc5 Qf5+ 58. Kc6 Qxh3 59. Qe5+ Kd3 60. Kb5
Qd7+ 61. Kc5 Qa7+ 62. Kb5 Qd7+ 63. Kc5 h3 64. Qg3+ Ke2
65. Qe5+ Kd3 66. Qg3+ Ke4 67. Qh4+ Kf3 68. Qf6+ Kg3 69. Qe5+
Kh4 70. Qf6+ Kg4 71. Qg6+ Kf4 72. Qh6+ Ke4 73. Qh4+ Ke3
74. Qg3+ Ke2 75. Qe5+ Kd1 76. Qa1+ Kc2 77. Qa2+ Kd3 78. Qb1+
Kd2 79. Qb2+ Ke3 80. Qe5+ Kf2 81. Qf4+ Ke2 82. Qe5+ 1/2-1/2

[Event "EYCC B14"]
[Site "Halkidiki GRE"]
[Date "2001.09.08"]
[EventDate "2001.08.31"]
[Round "8"]
[Result "1/2-1/2"]
[White "Sergey Karjakin"]
[Black "Borki Predojevic"]
[WhiteElo "2338"]
[BlackElo "2338"]
[PlyCount "44"]

1. e4 c5 2. Nf3 e6 3. d4 cxd4 4. Nxd4 a6 5. Bd3 Bc5 6. Nb3 Ba7
7. O-O Ne7 8. Qe2 Nbc6 9. Be3 O-O 10. N1d2 e5 11. Rfd1 Bxe3
12. Qxe3 d5 13. exd5 Nxd5 14. Qf3 Nf4 15. Ne4 Qh4 16. g3 Nh3+
17. Kg2 Qe7 18. Bc4 Ng5 19. Nxg5 Qxg5 20. Re1 Bg4 21. Qe3 Qe7
22. Be2 Bxe2 1/2-1/2

[Event "Aeroflot Open"]
[Site "Moscow RUS"]
[Date "2002.02.05"]
[EventDate "2002.02.04"]
[Round "1"]
[Result "1/2-1/2"]
[White "Kaido Kulaots"]
[Black "Sergey Karjakin"]
[WhiteElo "2531"]
[BlackElo "2460"]
[PlyCount "70"]

1. e4 c5 2. Nf3 d6 3. d4 cxd4 4. Nxd4 Nf6 5. Nc3 a6 6. Be3 e5
7. Nb3 Be6 8. f3 Be7 9. Qd2 h5 10. Be2 Nbd7 11. a4 Rc8 12. a5
O-O 13. O-O Nc5 14. Nxc5 dxc5 15. Na4 Qxd2 16. Bxd2 c4
17. Rfd1 Rfd8 18. Be3 Nd7 19. g3 Bb4 20. Bd2 Bxd2 21. Rxd2 Nb8
22. Rad1 Rxd2 23. Rxd2 Nd7 24. Kf2 Kf8 25. Ke3 Ke7 26. f4 g6
27. Bf3 Rc7 28. h4 Nb8 29. c3 Nc6 30. f5 gxf5 31. exf5 Bxf5
32. Nb6 Kf8 33. Nxc4 Bg6 34. Be4 Bxe4 35. Kxe4 f6 1/2-1/2

[Event "Aeroflot Open"]
[Site "Moscow RUS"]
[Date "2002.02.07"]
[EventDate "2002.02.04"]
[Round "4"]
[Result "1/2-1/2"]
[White "Sergey Karjakin"]
[Black "Lev Psakhis"]
[WhiteElo "2460"]
[BlackElo "2572"]
[PlyCount "83"]

1. e4 e6 2. d4 d5 3. Nc3 Bb4 4. e5 c5 5. a3 Bxc3+ 6. bxc3 Qa5
7. Bd2 Qa4 8. Qb1 c4 9. f4 Ne7 10. Nf3 Nbc6 11. g3 b6 12. Bg2
Bd7 13. O-O O-O-O 14. Ra2 Kb7 15. Qe1 f5 16. h3 Rdf8 17. Qe3
h6 18. Kf2 Be8 19. Rh1 Bh5 20. Ke1 Rhg8 21. h4 Nd8 22. Kd1 Rh8
23. Kc1 b5 24. Kb2 Nc8 25. Nh2 Nb6 26. Bf3 Bxf3 27. Nxf3 h5
28. Rb1 Qa6 29. Kc1 Na4 30. Ng1 Qc6 31. Ne2 Rh6 32. Kd1 a6
33. Raa1 Qe8 34. Ke1 Rg6 35. Qf3 Rg4 36. Kf2 Rh8 37. Rh1 Nc6
38. Rhb1 Kc7 39. Kg2 Kd7 40. Kh2 Rg6 41. Qf2 Rgh6 42. Qf3
1/2-1/2

[Event "Aeroflot Open"]
[Site "Moscow RUS"]
[Date "2002.02.07"]
[EventDate "2002.02.04"]
[Round "5"]
[Result "1-0"]
[White "Giovanni Portilho Vescovi"]
[Black "Sergey Karjakin"]
[WhiteElo "2590"]
[BlackElo "2460"]
[PlyCount "105"]

1. e4 c5 2. Nf3 d6 3. Bb5+ Nd7 4. d4 Ngf6 5. Nc3 a6 6. Bxd7+
Nxd7 7. O-O e6 8. Bg5 Qc7 9. d5 e5 10. a4 b6 11. Nd2 h6
12. Be3 Be7 13. f4 exf4 14. Bxf4 Ne5 15. Bxe5 dxe5 16. Nc4 Bd6
17. Qh5 O-O 18. Rf3 Rb8 19. Raf1 f6 20. Qg6 Kh8 21. Rxf6 gxf6
22. Rxf6 Qg7 23. Qxh6+ Qxh6 24. Rxh6+ Kg7 25. Rxd6 b5 26. axb5
axb5 27. Nxe5 b4 28. Na4 Ra8 29. b3 Rf4 30. Nd3 Rxe4 31. Ndxc5
Re8 32. Rb6 Bf5 33. Rxb4 Bxc2 34. d6 Re1+ 35. Kf2 Rd1 36. d7
Kf7 37. Rb7 Kf6 38. Rc7 Bxb3 39. Rc8 Rxa4 40. d8=Q+ Rxd8
41. Rxd8 Ra2+ 42. Kg3 Bc4 43. Rd2 Ra5 44. Ne4+ Ke5 45. Ng5 Bd5
46. Kh4 Ra8 47. g4 Kf4 48. Rxd5 Rh8+ 49. Nh7 Rxh7+ 50. Rh5 Rf7
51. Rh8 Ke5 52. Kh5 Kf6 53. Kh6 1-0

[Event "Aeroflot Open"]
[Site "Moscow RUS"]
[Date "2002.02.09"]
[EventDate "2002.02.04"]
[Round "8"]
[Result "1/2-1/2"]
[White "Sergey Karjakin"]
[Black "Maxim Turov"]
[WhiteElo "2460"]
[BlackElo "2563"]
[PlyCount "61"]

1. e4 c6 2. d4 d5 3. Nc3 dxe4 4. Nxe4 Bf5 5. Ng3 Bg6 6. h4 h6
7. Nf3 Nd7 8. h5 Bh7 9. Bd3 Bxd3 10. Qxd3 Ngf6 11. Bf4 e6
12. O-O-O Nd5 13. Bd2 Nb4 14. Qb3 a5 15. a3 a4 16. Qe3 Nd5
17. Qe2 b5 18. Nf5 Qb8 19. c3 Qc7 20. g3 Bd6 21. Rh4 N7f6
22. Nxd6+ Qxd6 23. Ne5 Ne7 24. g4 Qd5 25. g5 hxg5 26. Bxg5 Nf5
27. h6 Qg2 28. Ng4 Ng8 29. Rh2 Qd5 30. h7 Nge7 31. Ne5 1/2-1/2

[Event "Aeroflot Open"]
[Site "Moscow RUS"]
[Date "2002.02.10"]
[EventDate "2002.02.04"]
[Round "9"]
[Result "1/2-1/2"]
[White "Sergei Shipov"]
[Black "Sergey Karjakin"]
[WhiteElo "2630"]
[BlackElo "2460"]
[PlyCount "39"]

1. d4 d5 2. c4 dxc4 3. Nf3 Nf6 4. e3 e6 5. Bxc4 a6 6. Qe2 c5
7. dxc5 Bxc5 8. O-O b5 9. Bd3 Nc6 10. Nbd2 O-O 11. Nb3 Bd6
12. e4 Ng4 13. Bg5 f6 14. Bh4 Nce5 15. Nxe5 Nxe5 16. Rfd1 Qe7
17. Bg3 Rd8 18. Nd4 Bb7 19. Bc2 Nc4 20. Bb3 1/2-1/2

[Event "FIDE GP"]
[Site "Dubai UAE"]
[Date "2002.04.03"]
[EventDate "2002.04.03"]
[Round "1.1"]
[Result "1-0"]
[White "Veselin Topalov"]
[Black "Sergey Karjakin"]
[WhiteElo "2739"]
[BlackElo "2460"]
[PlyCount "107"]

1. e4 c5 2. Nf3 d6 3. Bb5+ Nd7 4. d4 Ngf6 5. Nc3 a6 6. Bxd7+
Nxd7 7. O-O e6 8. Bg5 Qc7 9. d5 e5 10. a4 h6 11. Bh4 g6
12. Nd2 Bg7 13. Nc4 Nb6 14. Ne3 O-O 15. a5 Nd7 16. Qd3 b5
17. axb6 Nxb6 18. g4 a5 19. Nb5 Qd7 20. c4 a4 21. b3 axb3
22. Rxa8 Nxa8 23. Ra1 Bb7 24. Qxb3 Rb8 25. Nc3 Nc7 26. Qb6 Ra8
27. Rxa8+ Nxa8 28. Qd8+ Qxd8 29. Bxd8 Bf8 30. h4 Kg7 31. Nb5
Bc8 32. f3 f6 33. h5 g5 34. Kf2 Kf7 35. Ke2 Be7 36. Ba5 Ke8
37. Na7 Bd7 38. Nc6 Bc8 39. Kd3 Bf8 40. Kc3 Kd7 41. Nb8+ Ke8
42. Kb3 Be7 43. Nc6 Bf8 44. Ka4 Ba6 45. Nb8 Bb7 46. Kb5 Ke7
47. Nc6+ Ke8 48. Nd8 Bc8 49. Nf5 Be7 50. Ne6 Bd7+ 51. Ka6 Bxe6
52. Ng7+ Kd7 53. Nxe6 Kc8 54. Ka7 1-0

[Event "Sudak UKR"]
[Site "It"]
[Date "2002.08.02"]
[EventDate "2002.08.02"]
[Round "1"]
[Result "1/2-1/2"]
[White "Anatoliy Polivanov"]
[Black "Sergey Karjakin"]
[WhiteElo "2349"]
[BlackElo "2523"]
[PlyCount "82"]

1. e4 c5 2. Nc3 d6 3. Nge2 a6 4. d4 cxd4 5. Nxd4 Nf6 6. Bg5 e6
7. Qf3 h6 8. Bh4 Nbd7 9. O-O-O Ne5 10. Qe2 g5 11. Bg3 Bd7
12. h4 g4 13. h5 b5 14. f4 gxf3 15. Nxf3 Nfg4 16. Qd2 Qc7
17. a3 Rb8 18. Rh3 Qb7 19. Nxe5 Nxe5 20. Bxe5 dxe5 21. Rd3 Rd8
22. Na2 Bc5 23. Nb4 a5 24. Na6 Bd4 25. c3 Ba7 26. Rxd7 Rxd7
27. Bxb5 Qxb5 28. Nc7+ Ke7 29. Nxb5 Rxd2 30. Kxd2 Bb6 31. Ke2
a4 32. Rd6 Rb8 33. c4 Bd4 34. Ra6 Bxb2 35. Rxa4 Bd4 36. Ra6
Rg8 37. Kf3 Rc8 38. Ra4 Bc5 39. g4 Rd8 40. Ke2 Rg8 41. Kf3 Rd8
1/2-1/2

[Event "Sudak UKR"]
[Site "It"]
[Date "2002.08.11"]
[EventDate "2002.08.02"]
[Round "12"]
[Result "1/2-1/2"]
[White "Alexey Palekha"]
[Black "Sergey Karjakin"]
[WhiteElo "2365"]
[BlackElo "2523"]
[PlyCount "29"]

1. d4 d5 2. c4 e6 3. Nc3 Nf6 4. Bg5 Be7 5. cxd5 exd5 6. e3 O-O
7. Rc1 c6 8. Bd3 Nbd7 9. Nge2 Re8 10. O-O Ne4 11. Bxe7 Qxe7
12. Ng3 Ndf6 13. Re1 Bd7 14. f3 Nxg3 15. hxg3 1/2-1/2

[Event "Sudak UKR"]
[Site "It"]
[Date "2002.08.12"]
[EventDate "2002.08.02"]
[Round "13"]
[Result "1/2-1/2"]
[White "Sergey Karjakin"]
[Black "Irina Semenova"]
[WhiteElo "2523"]
[BlackElo "2257"]
[PlyCount "114"]

1. e4 e5 2. Nf3 Nc6 3. d4 exd4 4. Nxd4 Bc5 5. Nxc6 Qf6 6. Qd2
bxc6 7. Bd3 Ne7 8. O-O O-O 9. Nc3 d5 10. Qf4 Qxf4 11. Bxf4 Bb6
12. Na4 Ng6 13. Bg3 f5 14. Nxb6 cxb6 15. exf5 Bxf5 16. Ba6
Rae8 17. c3 Bc8 18. Bxc8 Rxc8 19. Rfe1 Rfe8 20. f3 Kf7 21. Kf2
Rxe1 22. Kxe1 Re8+ 23. Kd2 Ne5 24. b3 c5 25. h4 Nc6 26. h5 Re6
27. Rh1 d4 28. Re1 Rxe1 29. Bxe1 dxc3+ 30. Kxc3 Ke6 31. Kd3 a6
32. Ke4 Ne7 33. g4 Nd5 34. f4 Nf6+ 35. Kf3 g6 36. hxg6 hxg6
37. Bc3 Nd5 38. Bb2 Nb4 39. a3 Nd3 40. Bc3 Nc1 41. b4 cxb4
42. axb4 Nb3 43. Ke4 a5 44. f5+ gxf5+ 45. gxf5+ Kf7 46. b5 a4
47. Bb2 Nc5+ 48. Kd5 Nb3 49. Ke5 Na5 50. Kd4 Nb7 51. Kd3 Na5
52. Bd4 a3 53. Bxb6 Nb3 54. Bc7 Nd4 55. b6 a2 56. b7 a1=Q
57. b8=Q Nxf5 1/2-1/2

[Event "ECC"]
[Site "Halkidiki GRE"]
[Date "2002.09.25"]
[EventDate "2002.09.22"]
[Round "4"]
[Result "1/2-1/2"]
[White "Milan Novkovic"]
[Black "Sergey Karjakin"]
[WhiteElo "2375"]
[BlackElo "2523"]
[PlyCount "50"]

1. Nf3 Nf6 2. c4 g6 3. b4 Bg7 4. Bb2 d6 5. d4 O-O 6. e3 Nbd7
7. Be2 e5 8. dxe5 Ng4 9. O-O Ndxe5 10. Nxe5 Nxe5 11. Nc3 Be6
12. Qb3 c6 13. f4 Nxc4 14. Bxc4 d5 15. Nxd5 Bxb2 16. Qxb2 Bxd5
17. Rad1 Qe7 18. Bxd5 Qxe3+ 19. Qf2 Qxf2+ 20. Kxf2 cxd5
21. Rxd5 Rfd8 22. Rfd1 Rxd5 23. Rxd5 Rc8 24. Rd7 Rc2+ 25. Kf3
Rxa2 1/2-1/2

[Event "ECC"]
[Site "Halkidiki GRE"]
[Date "2002.09.26"]
[EventDate "2002.09.22"]
[Round "5"]
[Result "1/2-1/2"]
[White "Sergey Karjakin"]
[Black "Evgeny Alekseev"]
[WhiteElo "2523"]
[BlackElo "2580"]
[PlyCount "139"]

1. e4 c5 2. Nf3 d6 3. d4 cxd4 4. Nxd4 Nf6 5. Nc3 Nc6 6. Bc4
Qb6 7. Nxc6 bxc6 8. O-O g6 9. Qe1 Ng4 10. Na4 Qd4 11. Bb3 Ba6
12. Qd1 Qxd1 13. Rxd1 Bg7 14. Bd2 c5 15. Bc3 O-O 16. Bxg7 Kxg7
17. Nc3 Rab8 18. Rab1 Ne5 19. Ba4 Rfd8 20. b3 Bb7 21. Rd2 g5
22. f3 Ba8 23. Rbd1 a6 24. Ne2 Rb4 25. Nc3 h6 26. Nd5 Bxd5
27. Rxd5 Rc8 28. Kf2 Rc7 29. a3 Rb8 30. Ke2 Rf8 31. g3 Ng6
32. Ke3 Rb8 33. f4 f6 34. h4 Kf7 35. h5 Nf8 36. e5 dxe5
37. fxe5 Ne6 38. exf6 Kxf6 39. c3 Nf8 40. Rd8 Rcc8 41. Rxc8
Rxc8 42. b4 cxb4 43. cxb4 Ke5 44. Bb3 e6 45. Rd4 Rc3+ 46. Rd3
Rc6 47. Kd2 Rc8 48. Rc3 Rd8+ 49. Ke3 Rd6 50. Rc5+ Kf6 51. Ba4
Nd7 52. Bxd7 Rxd7 53. Rc6 a5 54. b5 a4 55. Rc4 Rb7 56. Rc5 Rb8
57. Kd3 Rd8+ 58. Kc4 e5 59. Rd5 Rc8+ 60. Kb4 e4 61. Kxa4 e3
62. Rd3 Re8 63. Rd1 Kf5 64. b6 Ra8+ 65. Kb4 Ra6 66. Kc5 Rxa3
67. Rb1 Ra8 68. Kd4 Kg4 69. b7 Rb8 70. Kxe3 1/2-1/2

[Event "Dos Hermanas XII"]
[Site "Spain"]
[Date "2003.03.28"]
[EventDate "2003.03.28"]
[Round "1"]
[Result "0-1"]
[White "Sergey Karjakin"]
[Black "Daniel Hugo Campora"]
[WhiteElo "2547"]
[BlackElo "2505"]
[PlyCount "78"]

1. e4 e5 2. Nf3 Nc6 3. Bb5 a6 4. Ba4 Nf6 5. O-O Be7 6. Re1 b5
7. Bb3 O-O 8. h3 Bb7 9. d3 d6 10. a3 Re8 11. Nc3 Nd4 12. Nxd4
exd4 13. Nd5 Nxd5 14. exd5 Bf6 15. Rxe8+ Qxe8 16. Bd2 c5
17. dxc6 Qxc6 18. Qg4 Re8 19. Re1 Rxe1+ 20. Bxe1 Kf8 21. f3 d5
22. Qf4 g5 23. Qb8+ Ke7 24. Bb4+ Kd7 25. Kf1 Bd8 26. Bc5 Bc7
27. Qa7 a5 28. Ba2 Kc8 29. b4 a4 30. Bb1 g4 31. Bxd4 gxh3
32. gxh3 Qh6 33. Qc5 Qxh3+ 34. Ke2 Qe6+ 35. Kf2 Bc6 36. c4 Qh6
37. cxb5 Qd2+ 38. Kf1 Bd7 39. Kg1 Bh3 0-1

[Event "Dos Hermanas XII"]
[Site "Spain"]
[Date "2003.04.02"]
[EventDate "2003.03.28"]
[Round "6"]
[Result "1-0"]
[White "Alexander Rustemov"]
[Black "Sergey Karjakin"]
[WhiteElo "2604"]
[BlackElo "2547"]
[PlyCount "127"]

1. c4 c5 2. Nf3 Nc6 3. d4 cxd4 4. Nxd4 Nf6 5. Nc3 e6 6. g3 Qb6
7. Ndb5 Bc5 8. Bg2 d5 9. O-O dxc4 10. Nd6+ Bxd6 11. Qxd6 Ne7
12. Qa3 Nfd5 13. Ne4 O-O 14. Nd6 c3 15. e4 Nb4 16. Nc4 Qc5
17. Qxc3 b5 18. Na3 Qxc3 19. bxc3 Nd3 20. Nxb5 Nxc1 21. Rfxc1
e5 22. Nc7 Rb8 23. Rab1 Bd7 24. Nd5 Nc6 25. Bf1 Rxb1 26. Rxb1
Rb8 27. Rb3 Kf8 28. f3 Be6 29. Kf2 Rd8 30. Rb5 Ne7 31. c4 Nc6
32. Ke3 Rc8 33. f4 f6 34. Bd3 Bd7 35. Rb7 Ke8 36. Kd2 Kd8
37. Kc3 Rb8 38. Rb5 Rc8 39. h4 h6 40. a3 Be6 41. Rb7 Bd7
42. fxe5 fxe5 43. Ne3 g6 44. Nd5 Rb8 45. Rb5 Rc8 46. Rc5 Nd4
47. Ra5 Nc6 48. Ra6 g5 49. Nb4 gxh4 50. gxh4 Rc7 51. Bc2 h5
52. Bd1 Nxb4 53. axb4 Bc6 54. Ra5 Re7 55. Bf3 Be8 56. Kd3 Bf7
57. c5 Rd7+ 58. Kc3 Bg8 59. Bxh5 Rh7 60. Bg6 Rxh4 61. Bf5 Bf7
62. Rxa7 Be8 63. Ra8+ Ke7 64. Ra6 1-0

[Event "Dos Hermanas XII"]
[Site "Spain"]
[Date "2003.04.03"]
[EventDate "2003.03.28"]
[Round "7"]
[Result "1/2-1/2"]
[White "Sergey Karjakin"]
[Black "Alexey Shirov"]
[WhiteElo "2547"]
[BlackElo "2723"]
[PlyCount "29"]

1. e4 e5 2. Nf3 Nc6 3. Bb5 a6 4. Ba4 Nf6 5. O-O Be7 6. Re1 b5
7. Bb3 O-O 8. c3 d5 9. exd5 Nxd5 10. Nxe5 Nxe5 11. Rxe5 c6
12. d4 Bd6 13. Re1 Qh4 14. g3 Qh3 15. Re4 1/2-1/2

[Event "St Petersburg vs NAO"]
[Site "Internet INT"]
[Date "2003.05.28"]
[EventDate "2003.05.28"]
[Round "1"]
[Result "1/2-1/2"]
[White "Sergey Karjakin"]
[Black "Konstantin Sakaev"]
[WhiteElo "2556"]
[BlackElo "2664"]
[PlyCount "91"]

1. e4 c5 2. Nf3 d6 3. d4 cxd4 4. Nxd4 Nf6 5. Nc3 e6 6. Be3 a6
7. f3 b5 8. g4 b4 9. Nce2 h6 10. c4 bxc3 11. Nxc3 Bb7 12. Qb3
Bc8 13. O-O-O Nbd7 14. h4 Nc5 15. Qc2 Nfd7 16. Kb1 Qb6 17. Nb3
Qb4 18. Nxc5 Nxc5 19. a3 Qa5 20. Bc4 Rb8 21. Ka2 Bd7 22. g5
hxg5 23. hxg5 Rxh1 24. Rxh1 Na4 25. Nxa4 Bxa4 26. Qd3 Bb5
27. Rc1 Be7 28. f4 Bxc4+ 29. Qxc4 Qb5 30. Qc6+ Kf8 31. Qxb5
axb5 32. b4 Bd8 33. Kb3 Ke7 34. a4 bxa4+ 35. Kxa4 Kd7 36. Kb3
Ba5 37. Bd2 Bb6 38. Bc3 g6 39. Rd1 Kc6 40. Rd3 Bc7 41. Bf6 Rb7
42. Rc3+ Kd7 43. Rd3 Kc6 44. Rc3+ Kd7 45. Rd3 Kc6 46. Rc3+
1/2-1/2

[Event "16th Ciudad de Leon"]
[Site "Leon ESP"]
[Date "2003.06.06"]
[EventDate "2003.06.06"]
[Round "1.4"]
[Result "1/2-1/2"]
[White "Veselin Topalov"]
[Black "Sergey Karjakin"]
[WhiteElo "2735"]
[BlackElo "2556"]
[PlyCount "224"]

1. c4 e5 2. Nc3 Nc6 3. Nf3 Nf6 4. g3 Nd4 5. Bg2 Nxf3+ 6. Bxf3
Bb4 7. Qb3 Qe7 8. O-O O-O 9. d3 c6 10. Bg5 Bxc3 11. Qxc3 d6
12. b4 h6 13. Bxf6 Qxf6 14. b5 c5 15. Bg2 Qe7 16. e3 Bg4
17. f4 f5 18. Rae1 g5 19. e4 gxf4 20. gxf4 exf4 21. Rxf4 Qg5
22. Qd2 Rae8 23. Ref1 fxe4 24. Rxf8+ Rxf8 25. Qxg5+ hxg5
26. Bxe4 Rxf1+ 27. Kxf1 b6 28. Kf2 Kg7 29. Ke3 Be6 30. Bf3 Kf6
31. Ke4 Bf5+ 32. Ke3 Ke5 33. Bd5 Bd7 34. Bf7 Bc8 35. Bd5 Bh3
36. a3 Bd7 37. Bf7 Bc8 38. Bd5 Bh3 39. Bf3 Be6 40. Be2 d5
41. Bf1 Bg4 42. Bg2 Be6 43. Bf1 Bf7 44. Be2 Be6 45. Bf1 Bg4
46. Bg2 d4+ 47. Kf2 Bf5 48. Bf1 Kf4 49. Be2 Bg6 50. Bf1 Bh7
51. Be2 Bf5 52. Bf1 Bc8 53. Bg2 a6 54. bxa6 Bxa6 55. Bc6 Bc8
56. Be4 Bg4 57. Bh7 Bh5 58. Be4 Bd1 59. Bh7 Kg4 60. Be4 Bb3
61. Bc6 Kf4 62. Bf3 Ba4 63. Be4 Bd7 64. Bd5 Bf5 65. Ke2 Kg4
66. Bg2 Kh4 67. Kd2 Kg4 68. Ke2 Kf4 69. Bc6 Ke5 70. Bf3 Kd6
71. Kd2 Kc7 72. Bg2 Kb8 73. Bc6 Ka7 74. Be8 Ka6 75. Ke2 Ka5
76. Bc6 Bg6 77. Bd7 Bh7 78. Be8 Bf5 79. Bc6 Ka6 80. Be8 Kb7
81. Bb5 Kc7 82. Be8 Kd6 83. Bh5 Ke5 84. Bf3 Kf4 85. Bc6 Kg4
86. Bg2 Kh4 87. Kd2 Bg4 88. Ke1 Bf5 89. Kd2 Bh3 90. Be4 g4
91. Ke2 g3 92. hxg3+ Kxg3 93. Kd2 Kf4 94. Bc6 Ke5 95. Be8 Kd6
96. Bb5 Kc7 97. Ke2 Bg4+ 98. Kd2 Bd7 99. Kc2 Bxb5 100. cxb5
Kd6 101. a4 Kd5 102. Kd2 c4 103. dxc4+ Kxc4 104. a5 Kxb5
105. axb6 Kxb6 106. Kd3 Kc5 107. Kd2 Kc4 108. Kc2 d3+ 109. Kd2
Kd4 110. Kd1 Ke3 111. Ke1 d2+ 112. Kd1 Kd3 1/2-1/2